Kroatian naapurimaat - Statistics

Yleistilastot
  • Tätä visaa on pelattu 429 kertaa
  • Keskiarvotulos 5 / 5
Vastaustilastot
Rajan pituus (km) Maa % Oikein
668 Slovenia
98%
1 009 Bosnia ja Herzegovina
97%
318 Serbia
93%
23 Montenegro
86%
356 Unkari
82%
Ehtoja vastaavia visoja ei löytynyt
Tulosjakauma
Jokaisen tuloksen saaneiden osuus
Persentiili vastausten määrän mukaan
Tuloshistoriasi
Et ole pelannut tätä visaa